Países que produzem mais morangos - Statistics

Estatísticas Gerais
  • Esse quiz foi jogado 149 vezes
  • A pontuação média é 14 de 20
Estatísticas das Respostas
1000 toneladas país % Correto
1449 Estados Unidos
98%
3717 China
92%
360 Espanha
90%
59 França
89%
176 Rússia
89%
125 Itália
87%
135 Alemanha
86%
658 México
82%
159 Japão
76%
128 Reino Unido
76%
59 Grécia
67%
210 Coréia do Sul
66%
66 Países Baixos
65%
178 Polônia
65%
400 Turquia
61%
59 Colômbia
50%
407 Egito
50%
56 Irão
48%
162 Marrocos
41%
80 Bielorrússia
19%
Nenhum quiz correspondente encontrado
Distribuição das Pontuações
Porcentagem de Pessoas com Cada Pontuação
Percentil de Números Respondidos
Sua Pontuação Histórica
Você não jogou esse quiz